Kenny and the little kickers / (Record no. 2983)

MARC details
000 -LEADER
fixed length control field 00893cam a2200265 a 4500
005 - DATE AND TIME OF LATEST TRANSACTION
control field 20240129110035.0
020 ## - INTERNATIONAL STANDARD BOOK NUMBER
International Standard Book Number 9780590454179
040 ## - CATALOGING SOURCE
Original cataloging agency DLC
Transcribing agency DLC
Modifying agency DLC
Language of cataloging eng
050 00 - LIBRARY OF CONGRESS CALL NUMBER
Classification number PZ7.M36875
Item number 1992
082 00 - DEWEY DECIMAL CLASSIFICATION NUMBER
Classification number 504
100 1# - MAIN ENTRY--PERSONAL NAME
Personal name Marzollo, Claudio
245 10 - TITLE STATEMENT
Title Kenny and the little kickers /
Statement of responsibility, etc. by Claudio Marzollo ; illustrated by Jacqueline Rogers.
250 ## - EDITION STATEMENT
Edition statement First Scholastic printing , May 1992
260 ## - PUBLICATION, DISTRIBUTION, ETC.
Place of publication, distribution, etc. New York :
Name of publisher, distributor, etc. Scholastic,
Date of publication, distribution, etc. 1992
300 ## - PHYSICAL DESCRIPTION
Extent 29 unnumbered pages :
Other physical details color illustrations ;
Dimensions 24 cm.
505 ## - FORMATTED CONTENTS NOTE
Formatted contents note G <br/>
520 ## - SUMMARY, ETC.
Summary, etc. Although he feels shy and out of place on the playing field, Kenny agrees to try soccer.
521 ## - TARGET AUDIENCE NOTE
Target audience note 370 <br/><br/>
Source Lexile <br/>
521 ## - TARGET AUDIENCE NOTE
Target audience note G <br/>
Source Raz-Plus <br/>
650 #1 - SUBJECT ADDED ENTRY--TOPICAL TERM
Topical term or geographic name entry element Soccer
Form subdivision Fiction.
700 1# - ADDED ENTRY--PERSONAL NAME
Personal name Rogers, Jacqueline
Dates associated with a name 1958-
Relator term illustrator
906 ## - LOCAL DATA ELEMENT F, LDF (RLIN)
a 7
b cbc
c orignew
d 1
e ocip
f 19
g y-gencatlg
942 ## - ADDED ENTRY ELEMENTS (KOHA)
Source of classification or shelving scheme Dewey Decimal Classification
Koha item type Books
Suppress in OPAC No
999 ## -
-- 2983
-- 2983
Holdings
Withdrawn status Lost status Source of classification or shelving scheme Damaged status Not for loan Collection Home library Current library Shelving location Date acquired Total Checkouts Full call number Barcode Date last seen Price effective from Koha item type
    Dewey Decimal Classification     Fiction Footprints International School Library Network Toul Kork Campus Footprints International School Library Network Toul Kork Campus   01/29/2024   MAR 504 PZ7.M36875 FISBK04216 01/29/2024 01/29/2024 Books